| 000 | 01036cam a2200217 4500 | ||
|---|---|---|---|
| 001 | WB3933-08 | ||
| 008 | 030903n2003 000 0 eng u | ||
| 035 | _a(Sirsi) u123488 | ||
| 245 | _aLandlord and Tenant Act 1954 s38: failed applications | ||
| 260 | _c2003 | ||
| 490 |
_aRICS Westminster News _v 1 September 2003 (1) |
||
| 520 | _aODPM has published research on the way landlords and tenants involved in business tenancies contract out of the security of tenure provisions in the Landlord and Tenant Act 1954. Failed applications of the 1954 Act s38. http://www.odpm.gov.uk/stellent/groups/odpm_urbanpolicy/documents/page/odpm_urbpol_023608.pdf. For further information contact Oliver Foster, t +44 (0)20 7334 3838 or e [email protected]. | ||
| 590 | _aWB | ||
| 650 | _aLANDLORD AND TENANT ACT 1954 S38 | ||
| 650 | _aOFFICE OF THE DEPUTY PRIME MINISTER | ||
| 650 | _aSECURITY OF TENURE | ||
| 650 | _aBUSINESS TENANCIES | ||
| 650 | _aRESEARCH REPORTS | ||
| 690 | _aLANDLORD AND TENANT-BUSINESS TENANCIES | ||
| 942 | _n0 | ||
| 999 |
_c73347 _d73347 |
||